Statistics for 50 Best MLB Pitchers of All Time

Click here to take the quiz!

General Stats

  • This quiz has been taken 2,990 times
  • The average score is 22 of 50

Answer Stats

#PlayerYears Played% Correct
8Randy Johnson1988-2009
91%
1Walter Johnson1907-1927
90%
4Cy Young1890-1911
86%
19Nolan Ryan1966-1993
84%
13Roger Clemens1984-2007
79%
5Sandy Koufax1955-1966
77%
6Greg Maddux1986-2008
76%
16Pedro Martinez1992-2009
76%
10Bob Gibson1959-1975
71%
41Justin Verlander2005-Present
70%
32Tom Glavine1987-2008
66%
34John Smoltz1988-2009
65%
7Tom Seaver1967-1986
65%
2Christy Mathewson1900-1916
58%
21Bob Feller1936-1956
56%
17Whitey Ford1950-1967
55%
12Steve Carlton1965-1988
54%
22Jim Palmer1965-1984
49%
11Warren Spahn1942-1965
48%
28Roy Halladay1998-2013
47%
39Curt Schilling1988-2007
46%
30Don Drysdale1956-1969
46%
9Lefty Grove1925-1941
46%
31Phil Niekro1964-1987
46%
44CC Sabathia2001-Present
40%
29Don Sutton1966-1988
40%
24Gaylord Perry1962-1983
40%
3Grover Cleveland 'Pete' Alexander1911-1930
40%
20Juan Marichal1960-1975
39%
47Felix Hernandez2005-Present
37%
25Fergie Jenkins1965-1983
37%
26Bert Blyleven1970-1992
36%
50Kevin Brown1986-2005
34%
35Mike Mussina1991-2008
34%
15Mordecai 'Three Finger' Brown1903-1916
34%
40Dizzy Dean1930; 1932-1941; 1947
30%
48Orel Hershiser1983-2000
26%
36Luis Tiant1964-1982
23%
33Robin Roberts1948-1966
23%
18Carl Hubbell1928-1943
22%
14Eddie Plank1901-1917
20%
46Hal Newhouser1939-1955
20%
37Early Wynn1939-1963
19%
43Jim Bunning1955-1971
16%
38Rube Waddell1897-1910
15%
45Dazzy Vance1915-1935
12%
23Ed Walsh1904-1917
11%
27Addie Joss1902-1910
8%
49Ted Lyons1923-1942; 1946
8%
42Joe McGinnity1899-1908
5%

Score Distribution

Percentile by Number Answered

Percent of People with Each Score

Your Score History

You have not taken this quiz